000
00326nam a2200133Ia 4500
008
210210b xxu||||| |||| 00| 0 eng d
082
_a
090/63
100
_a
INDIAN RED CROSS SOCIETY.
245
_a
Tuberculosis.
260
_a
Delhi
_b
U P Public Health Department
_c
300
_a
12
690
_a
Medical Science
906
_a
000701
999
_c
77214
_d
77214